| 000 | 00353cam a22001217a 4500 | ||
|---|---|---|---|
| 008 | 180718b1996 xxu||||| |||| 00| 0 eng d | ||
| 082 | _aB12x54 M474 | ||
| 100 | _aMehta, Arun C. | ||
| 245 |
_aPopulation projections: sub-national dimensions _cby Arun C. Mehta |
||
| 260 |
_aNew Delhi _bCommonwealth _c1996 |
||
| 300 | _a298p. | ||
| 650 | _aPopulation - India | ||
| 999 |
_c380812 _d380812 |
||